书目信息 |
| 题名: |
完美健康
|
|
| 作者: | 乔普拉 著 ;耿丹 译 | |
| 分册: | ||
| 出版信息: | 天津 天津教育出版社 2010 |
|
| 页数: | 332页 | |
| 开本: | 24cm | |
| 丛书名: | ||
| 单 册: | ||
| 中图分类: | R-093.51 | |
| 科图分类: | ||
| 主题词: | 医学史--印度 , 医学史 | |
| 电子资源: | ||
| ISBN: | 978-7-5309-5905-3 | |
| 000 | 01156nam0 2200277 45 | |
| 001 | 1130170812 | |
| 005 | 20110309141518.65 | |
| 010 | @a978-7-5309-5905-3@dCNY29.80 | |
| 100 | @a20110108d2010 em y0chiy0110 ea | |
| 101 | 1 | @achi@ceng |
| 102 | @aCN@b120000 | |
| 105 | @aa z 000yy | |
| 106 | @ar | |
| 200 | 1 | @a完美健康@AWan Mei Jian Kang@dPerfect health : the complete mind body guide@f(美) 狄帕克·乔普拉(Deepak Chopre)著@F( Mei ) Di Pa Ke· Qiao Pu La (Deepak Chopre) Zhu@g耿丹译@zeng |
| 210 | @a天津@c天津教育出版社@d2010 | |
| 215 | @a332页@c图@d24cm | |
| 305 | @a作者通过姚式顾问有限公司授权出版 | |
| 330 | @a本书阐述了具有5000年历史的传统印度医学——阿育吠陀医学,描述了如何将古老阿育吠陀智慧融入到人们的日常生活中。为我们提供了一个适合于每个人的身心医疗计划。内容包括:“完美健康境界”、“人体量子学”、“与大自然和谐共处”三部分。 | |
| 510 | 1 | @aPerfect health : the complete mind body guide@zeng |
| 606 | 0 | @a医学史@y印度 |
| 606 | 0 | @a医学史 |
| 690 | @aR-093.51@v4 | |
| 701 | 1 | @a乔普拉@AQiao Pu La@g(Chopre, Deepak)@4著 |
| 702 | 0 | @a耿丹@AGeng Dan@4译 |
| 801 | 0 | @aCN@bTANGWEI@c20110309 |
| 905 | @b0530092-95@dR-093.51@e23@f4 | |
| 完美健康=Perfect health : the complete mind body guide/(美) 狄帕克·乔普拉(Deepak Chopre)著/耿丹译.-天津:天津教育出版社,2010 |
| 332页:图;24cm |
| ISBN 978-7-5309-5905-3:CNY29.80 |
| 本书阐述了具有5000年历史的传统印度医学——阿育吠陀医学,描述了如何将古老阿育吠陀智慧融入到人们的日常生活中。为我们提供了一个适合于每个人的身心医疗计划。内容包括:“完美健康境界”、“人体量子学”、“与大自然和谐共处”三部分。 |
| ● |
| 相关链接 |
|
|
|
|
正题名:完美健康
索取号:R-093.51/23
 
预约/预借
| 序号 | 登录号 | 条形码 | 馆藏地/架位号 | 状态 | 备注 |
| 1 | 0530092 | 205300921 | 第二样本阅览室/ [索取号:R-093.51/23] | 在馆 | |
| 2 | 0530093 | 205300930 | 第三借阅区/ [索取号:R-093.51/23] | 在馆 | |
| 3 | 0530094 | 205300949 | 第三借阅区/ [索取号:R-093.51/23] | 在馆 | |
| 4 | 0530095 | 205300958 | 第三借阅区/ [索取号:R-093.51/23] | 在馆 |